| Поле | Инд. | ПП | Название | Значение |
|---|---|---|---|---|
| Тип записи | a | |||
| Библиографический уровень | m | |||
| 001 | Контрольный номер | RU/IS/BASE/308743834 | ||
| 005 | Дата корректировки | 20150513113625.3 | ||
| 020 | a | ISBN | 978-5-222-15128-0 | |
| 040 | a | Служба первич. каталог. | НБ ТвГУ | |
| b | Код языка каталог. | rus | ||
| e | Правила каталог. | PSBO | ||
| 041 | 0_ | a | Код языка текста | rus |
| 080 | a | Индекс УДК | 373.2.016:811.161.1 | |
| 084 | a | Индекс другой классификации/Индекс ББК | Ч490.241.11 | |
| 090 | a | Полочн. индекс | Ч490.2 | |
| x | Авторский знак | Б 42 | ||
| 100 | 1_ | a | Автор | Бекшиева Зинаида Ивановна |
| q | Полное имя | Бекшиева З. И. | ||
| 245 | 10 | a | Заглавие | Учим чтению, играя |
| b | Продолж. заглавия | пособие для родителей | ||
| 260 | a | Место издания | Ростов-на-Дону | |
| b | Издательство | Феникс | ||
| c | Дата издания | 2009 | ||
| 300 | a | Объем | 254, [1] с. | |
| 440 | a | Серия | Школа развития | |
| 520 | a | Аннотация | Книга предназначена для родителей, желающих за короткий срок научить ребенка читать и не имеющих возможности привлечь для этого специалиста-педагога. Использование данной системы занятий рекомендуется также для обучения чтению дошкольников с нарушениями фонематического слуха. При нарушениях фонематического слуха графическое изображение буквы используется как опора. | |
| 650 | a | Основная рубрика | Семейное воспитание | |
| 650 | 14 | a | Основная рубрика | Дошкольники |
| x | Основная подрубрика | Умственное воспитание | ||
| 650 | 14 | a | Основная рубрика | Чтение |
| x | Основная подрубрика | Обучение дошкольников | ||
| 653 | a | Ключевые слова | Дошкольники | |
| a | Ключевые слова | Игровое обучение | ||
| a | Ключевые слова | Обучение дошкольников чтению | ||
| a | Ключевые слова | Семейное воспитание | ||
| a | Ключевые слова | Умственное воспитание | ||
| a | Ключевые слова | Чтение занимательное | ||
| 920 | a | Оператор | Густ | |
| 952 | c | Вид литературы | К ру | |
| 954 | a | Дата поступления на обработку | 20091112 |